000 01114cab a22002055a 4500
001 L141809
008 071221s2007 xxk f 000 0 eng d
035 _a(Sirsi) u141809
041 0 _aeng
110 2 _aLetting Update Journal
_95294
245 0 0 _aHouses in multiple occupation
_b18 months after occupation
260 _c2007
490 _aLetting Update Journal
_v15(3) October 2007, 14-17(4)
520 _aExplains the current legislation affecting the licensing of Houses of Multiple Occupation (HMOs). Properties of three or more storeys housing five or more people from two or more households must be licensed. Many local schemes differ as those already in operation when the legislation took effect were validated by the government. Considers how landlords can ensure compliance from HMO operators. Covers the licence application process and details the Residential Property Tribunal Service and Empty Dwelling Management Orders.
590 _aKA
650 2 4 _aHOUSING ACT 1996
651 4 _aUnited Kingdom
_y
690 _aPROPERTY-RESIDENTIAL PROPERTY-RESIDENTIAL LANDLORD AND TENANT
942 _n0
999 _c79590
_d79590